|
|
|
|
| LEADER |
00000nab a2200000ua 4500 |
| 001 |
vtls010828071 |
| 003 |
SK-MaSNL |
| 005 |
20260303223829.0 |
| 008 |
230222s1961 xo |||||||||||||||||eng| |
| 035 |
|
|
|a (urnnbn)urn:nbn:sk:snk:ar-a06e8j
|
| 035 |
|
|
|a urn:nbn:sk:snk-ab5tqx
|
| 035 |
|
|
|a (uuid)b6596be0-d983-439e-9d0a-497a24f9f87c
|
| 040 |
|
|
|a SNKBUCL
|b slo
|c SNKBUCL
|e AACR2
|
| 041 |
0 |
|
|a eng
|
| 044 |
|
|
|a xo
|c SK
|
| 100 |
1 |
|
|a Hupka, Š.
|4 aut
|9 1116419
|
| 245 |
1 |
0 |
|a On the Distribution of Cr51-labelled Bone Marrow Cells in Irradiated Rats
|c Š. Нuрkа, V. Gregušová
|
| 700 |
1 |
|
|a Gregušová, V.
|4 aut
|9 1166775
|
| 773 |
0 |
|
|t Neoplasma : journal of experimental and clinical oncology
|g Roč. 8, č. 6 (1961), s. 577-582
|
| 958 |
|
|
|a OND
|
| 958 |
|
|
|a EUIPO
|
| 958 |
|
|
|a article5
|
| 999 |
|
|
|c 2249484
|d 2251414
|